Piłka nożna - kluby piłkarzy #3 - Statystyki

Ogólne statystyki
  • Ten quiz został rozwiązany 118 razy
  • Średni wynik to 11 z 15
Statystyki odpowiedzi
zawodnik klub(y) inny klub, w którym
występował zawodnik
% Poprawnych
Sergio Ramos Real Madryt Sevilla | PSG | Monterrey
95%
Arkadiusz Milik Napoli, Juventus Rozwój | Górnik | Bayer | Augsburg | Ajax | Olympique Marsylia
83%
Kamil Glik AS Monaco Silesia | Horadada | Piast | Palermo | Bari | Torino | Benevento | Cracovia
81%
N'Golo Kante Chelsea Suresnes | US Boulogne | SM Caen | Leicester | Al-Ittihad
80%
Adrien Rabiot Juventus PSG | Toulouse | Olympique Marsylia | AC Milan
79%
Radamel Falcao Manchester United, AS Monaco River Plate | FC Porto | Atletico | Chelsea | Galatasaray | Rayo | Millonarios
78%
Sami Khedira Juventus Stuttgart | Real | Hertha
77%
Zbigniew Boniek Juventus Widzew | AS Roma
77%
Mykhalo Mudryk Chelsea Arsenał Kijów | Desna | Szachtar
76%
Kai Havertz Chelsea, Arsenal Bayer Leverkusen
76%
Marco Reus Borussia Dortmund Rot Weiss Ahlen | Borussia Monchengladbach |LA Galaxy
66%
Nicolas Pepe Arsenal Stade Poitevin | Angers | Orleans | Lille | Nice | Trabzonspor | Villarreal
66%
Sergej Milinković-Savić Lazio Rzym Vojvodina | Genk | Al-Hilal
54%
Saul Niguez Atletico Madryt Rayo | Chelsea | Sevilla | Flamengo
49%
Jerome Boateng Bayern Monachium Hertha | Hamburg | Manchester City |Olympique Lyon | Salernitana | LASK
47%
Nie znaleziono quizów pasujących do podanych kryteriów
Rozkład punktacji
Procent ludzi z każdym wynikiem
Percentyl według liczby udzielonych odpowiedzi
Twoja historia wyników
Nie rozwiązałeś tego quizu